DUTCH AND FLEMISH PAINTING / (Record no. 17492)
[ view plain ]
| 000 -الفاتح | |
|---|---|
| حقل البيانات ثابتة الطول | 00524nam a2200205Ia 4500 |
| 008 - عناصر البيانات ثابتة الطول - معلومات عامة | |
| حقل البيانات ثابتة الطول | 140319s9999 xx 000 0 eng d |
| 040 ## - مصدر الفهرسة | |
| وكالة الفهرسة الأصلية | GCL / |
| وكالة النسخ | GCL |
| 082 04 - رقم تصنيف ديوى العشرى | |
| رقم التصنيف | 759.3931 |
| رقم المادة | B D |
| 100 1# - المدخل الرئيسى - إسم شخصى | |
| الإسم الشخصى | BROUN, DAVID |
| 245 10 - بيان العنوان | |
| العنوان | DUTCH AND FLEMISH PAINTING / |
| بيان المسئوليه,etc | BROUN, DAVID |
| 700 1# - المدخل الاضافى - اسم شخصى | |
| الإسم الشخصى | BROWN, CHRISTOPHEN |
| 300 ## - الوصف المادى | |
| التعداد | 64 |
| 490 ## - بيان السلسلة | |
| عنوان السلسلة | COLLECTOR'S ART EDITIONS |
| رقم المجلد/ التعيين التسلسلي | 0 |
| 650 04 - المدخل الاضافى بالموضوع-مصطلح موضوعى | |
| مصطلح موضوعي | ART DUTCH |
| 650 04 - المدخل الاضافى بالموضوع-مصطلح موضوعى | |
| مصطلح موضوعي | PAINTING |
| 650 04 - المدخل الاضافى بالموضوع-مصطلح موضوعى | |
| مصطلح موضوعي | ART FLEMISH |
| 942 ## - عناصر المدخل الإضافي( كوها) | |
| مصدر التصنيف او مخطط الترفيف | Dewey Decimal Classification |
| Koha [default] item type | كتاب |
| 260 ## - PUBLICATION, DISTRIBUTION, ETC. (IMPRINT) | |
| -- | [S.N] : |
| -- | TIGER BOOKS INTERNATIONAL |
| حالة التراجع | حالة الفقد | حالة تلف | ليس للاعارة | المكان المؤقت | الموقع الحالى | تاريخ الاكتساب | اجمالي اﻻعارات | رقم الطلب | الباركود | تاريخ اخر مشاهدة | تاريخ تفعيل السعر | نوع وعاء كوها |
|---|---|---|---|---|---|---|---|---|---|---|---|---|
| مكتبة القاهرة الكبرى | مكتبة القاهرة الكبرى | 03/26/2014 | 759.3931\B D | 31642 | 03/26/2014 | 03/26/2014 | كتاب | |||||
| مكتبة القاهرة الكبرى | مكتبة القاهرة الكبرى | 03/26/2014 | 759.3931\B D | 31643 | 03/26/2014 | 03/26/2014 | كتاب |

